Modelling and optimization of traffic flows at an urban intersection using VISSIM simulations and CAD software (Record no. 554247)
[ view plain ]
| 000 -LEADER | |
|---|---|
| fixed length control field | 00583nam a22001817a 4500 |
| 082 ## - DEWEY DECIMAL CLASSIFICATION NUMBER | |
| Classification number | P-808 |
| 100 ## - MAIN ENTRY--PERSONAL NAME | |
| Personal name | Ahad, Khuwaja Umar |
| 9 (RLIN) | 51619 |
| 245 ## - TITLE STATEMENT | |
| Title | Modelling and optimization of traffic flows at an urban intersection using VISSIM simulations and CAD software |
| 260 ## - PUBLICATION, DISTRIBUTION, ETC. | |
| Place of publication, distribution, etc. | Risalpur, |
| Name of publisher, distributor, etc. | MCE, |
| Date of publication, distribution, etc. | 2019. |
| 300 ## - PHYSICAL DESCRIPTION | |
| Extent | 80p. |
| Other physical details | ill. |
| Dimensions | 30cm. |
| 526 ## - STUDY PROGRAM INFORMATION NOTE | |
| Program name | 0 |
| Interest level | 0 |
| Reading level | 0 |
| Title point value | P_808 |
| 700 ## - ADDED ENTRY--PERSONAL NAME | |
| Personal name | Afsar, Rizwan |
| 9 (RLIN) | 51620 |
| 700 ## - ADDED ENTRY--PERSONAL NAME | |
| Personal name | Asif, Muhammad Aamir |
| 9 (RLIN) | 51621 |
| 700 ## - ADDED ENTRY--PERSONAL NAME | |
| Personal name | Dr Muhammad Irfan |
| 9 (RLIN) | 17128 |
| 700 ## - ADDED ENTRY--PERSONAL NAME | |
| Personal name | Khaliq, Awais |
| 9 (RLIN) | 51622 |
| 700 ## - ADDED ENTRY--PERSONAL NAME | |
| Personal name | Sohaib, Rana Muhammad |
| 9 (RLIN) | 51623 |
| 942 ## - ADDED ENTRY ELEMENTS (KOHA) | |
| Source of classification or shelving scheme | |
| Koha item type | Book |
| Withdrawn status | Lost status | Source of classification or shelving scheme | Damaged status | Not for loan | Permanent Location | Current Location | Date acquired | Total Checkouts | Full call number | Barcode | Date last seen | Date last checked out | Price effective from | Koha item type |
|---|---|---|---|---|---|---|---|---|---|---|---|---|---|---|
| Military College of Engineering (MCE) | Military College of Engineering (MCE) | 08/19/2019 | 2 | P-808 | MCE-P-808 | 06/29/2020 | 05/20/2020 | 08/19/2019 | Book |
